BIBLIOTHÈQUE DE LA MAISON DU MEXIQUE

Logo 1 Logo 2

Teatro (notice nᵒ 11688)

détails MARC
000 -Sello discográfico
campo de control de longitud fija 00933nam a2200337 4500
005 - Identificación de versión
campo de control 20251016084838.0
035 ## - Otros números de control del sistema
Número de control del sistema 3970
099 ## - fechas locales
Tipo de ítem Koha LIBRO
100 ## - Datos de procesamiento general
Datos de procesamiento general 20040923d1949 m y1spay5003 ba
105 ## - Campo de datos codificados: Material textual, monográfico
Datos codificados de monografía y 001by
200 1# - Título y mención de responsabilidad
Título propio Teatro
Designación general del material texto impreso
Primer mención de responsabilidad Lope de Rueda
Declaración de responsabilidad subsiguiente edición corregida y aumentada en sus notas J. Moreno Villa
210 ## - Publicación, distribución, etc.
Lugar de publicación, distribución, etc. Madrid
Nombre del editor, distribuidor, etc. Espasa - Calpe
Fecha de publicación, distribución, etc. 1949
215 ## - Descripción física
Designación de material específico y extensión del ítem 246 p
Dimensiones 19 cm
318 ## - Nota de acción
Acción No se presta a domicilio
345 ## - Nota de información de adquisición
Fuente de adquisición/dirección de la suscripción [OBSOLETO] Donación
410 #1 - Series
Título Clásicos Castellanos
Número de volumen 59
676 ## - Clasificación Decimal Dewey
Número R860 C614 v.59
700 ## - Nombre personal - Responsabilidad primaria
Elemento de entrada Rueda
Parte del nombre distinta del elemento de entrada Lope de
Fechas 1510-1565
Número Koha 13813
702 ## - Nombre personal - Responsabilidad secundaria
Elemento de entrada Moreno Villa
Parte del nombre distinta del elemento de entrada José
Fechas 1887-1955
Número Koha 2691
801 #0 - Fuente de origen
Agencia cm
900 ## -
-- 1/8014
900 ## -
-- 7100419780\230904
942 ## - ELEMENTOS DE ENTRADA SECUNDARIOS (KOHA)
Tipo de ítem Koha Livre

Pas d'exemplaire disponible.